000 02538cam a22005414i 4500
003 PE-LiUPU
005 20250731173337.0
008 150706s1998 be r 000 0 eng d
020 _a9042906790
020 _a9789042906792
035 _a(Sirsi) i9789042906792
040 _aPE-LiUPU
_bspa
_cPE-LiUPU
_erda
049 _aPRUA
082 0 4 _a221.07
_bHC
_221
100 1 _aKoole, Jean L.,
_eautor.
245 1 0 _aIsaiah.
_n2,Part 3 Volume 2 : Isaiah 49-55 /
_cJan L. Koole.
264 1 _aLeuven :
_bPeeters,
_c1998.
300 _a454 páginas ;
_c24 centímetros.
336 _atext
_2rdacontent
337 _aunmediated
_2rdamedia
338 _avolume
_2rdacarrier
490 0 _aHistorical Commentary on The Old Testament
500 _aParte 3 Volumen 2 : Isaias 49-55.
504 _aIncluye bibliografía.
505 0 _aIsaiah 49:1-6 -- Isaiah 49: 7-13 -- Isaiah 49: 14-21 -- Isaiah 49: 22-26 -- Isaiah 50: 1-3 -- Isaiah 50: 4-9 -- Isaiah 50: 10-11 -- Isaiah 51: 1-8 -- Isaiah 51: 9-16 -- Isaiah 51:17-23 -- Isaiah 52: 1-6 -- Isaiah 52: 7-10 -- Isaiah 52: 11-12 -- Isaiah 52: 13-53-12 -- Isaiah 54: 1-10 -- Isaiah 54: 11-17 -- Isaiah 55: 1-5 -- Isaiah 55: 6-13.
526 _aSEG42
526 _aSEG41
526 _aSEG40
526 _aSEG39
526 _aP94
526 _aP87
526 _aP86
526 _aP85
526 _aP77
526 _aP76
526 _aP35
541 _g20081126230934D47324;
630 _aBiblia
_A.T.
_pIsaias
_xComentarios.
910 _agl
_bjv
_cjvm
_d20100222
942 _2ddc
_cBOOK
949 _a221.07 HC 23C.2
_wDEWEY
_c1
_i59815
_d2016-4-12
_e2016-4-6
_lCCODEBUL1
_mBUL
_n1
_p56.00
_r0
_sY
_tBOOK
_u2015-7-6
_xTEOLOGIA
_zUNKNOWN
_0COMPRA
_o.STAFF. Colección General
949 _a221.07 HC 23C.2
_wDEWEY
_c2
_i73623
_d2016-6-20
_e2016-6-16
_lCCODEBUL1
_mBUL
_n1
_p61.00
_r0
_sY
_tBOOK
_u2016-6-13
_xTEOLOGIA
_PP35
_0COMPRA
_o.CIRCNOTE. Contenido de alto precio.
_o.STAFF. Colección General Teología
994 _aC0
_bPEPRU
596 _a1
999 _a221.07 HC 23C.2
_wDEWEY
_c49352
_i59815
_d49352
_e2016-4-6
_f2021-11-9
_g5
_lCCODEBUL1
_mBUL
_n1
_p56.00
_r0
_sY
_tBOOK
_u2015-7-6
_xTEOLOGIA
_PP35
_0COMPRA
_o.STAFF. Colección Teología
999 _a221.07 HC 23C.2
_wDEWEY
_c2
_i73623
_d2022-6-6
_e2016-6-16
_f2021-11-9
_g5
_lCCODEBUL1
_mBUL
_n1
_p61.00
_q1
_r0
_sY
_tBOOK
_u2016-6-13
_xTEOLOGIA
_PP35
_0COMPRA
_o.CIRCNOTE. Contenido de alto precio.
_o.STAFF. Colección Teología
980 _81
_gALBERTO SANCHEZ Responsable de Automatización